000
00342 a2200157 4500
001
71598
020
_a
040
_c
Anchieta - Colégio São Paulo
100
_a
Gouveia, Luis Augusto
240
1
0
_a
Sonhos de Ícaro
_l
por
245
1
0
_a
Sonhos de Ícaro
300
_a
32
362
0
_a
2001
650
4
_a
Literatura infantil
942
_c
BK
999
_c
71598
_d
71598